• 首页
  • 本馆介绍
  • 公告通知
  • 最新文献
  • 馆藏检索
  • 电子资源
  • 读者导购
  • 参考咨询
  • 我的图书馆
  • 登录
  • 详细信息显示
  • 放入我的书架
  • 预约/预借图书
  • 作者相关作品
  • 分类相关作品
  • 丛书相关作品
  • 出版社相关作品

书目信息

  • 表格格式
  • 工作单格式
  • 卡片格式
题名:
变幻莫测的气候
    
 
作者: 本书编写组编
分册:  
出版信息: 广州   广东世界图书出版公司  2010
页数: 202页
开本: 23cm
丛书名: 走进大自然丛书
单 册:
中图分类: P46-49
科图分类:
主题词: 气候--青年读物
电子资源:
ISBN: 978-7-5100-1601-1
000 00673nam0 2200217 450
001 2339474293
005 20231210105814.32
010    @a978-7-5100-1601-1@dCNY 38.00
100    @a20110630d2010 em y0chiy0120 ea
101 0  @achi
102    @aCN@b440000
105    @aa z 000yy
200 1  @a变幻莫测的气候@Abian huan mo ce de qi hou@b专著@f本书编写组编
210    @a广州@c广东世界图书出版公司@d2010
215    @a202页@c图@d23cm
225 1  @a走进大自然丛书
330    @a本书包含了“敲开气候的大门”、“形形色色的气候” 、“变幻万千的气象”等多部分内容。
606 0  @a气候@j青年读物
690    @aP46-49@v5
801  2 @aCN@b辽宁北配@c20231205
905    @aZUCC@dP46-49@e22
    
    变幻莫测的气候/本书编写组编.-广州:广东世界图书出版公司,2010
    202页:图;23cm.-(走进大自然丛书)
    
    
    ISBN 978-7-5100-1601-1:CNY 38.00
    本书包含了“敲开气候的大门”、“形形色色的气候” 、“变幻万千的气象”等多部分内容。
●
相关链接 在五车中查询图书 在当当中查询图书 在豆瓣中查询图书


正题名:变幻莫测的气候     索取号:P46-49/22         预约/预借

序号 登录号 条形码 馆藏地/架位号 状态 备注
1 2001523635   2001523635   412书库/ [索取号:P46-49/22] 在馆    
2 2001523636   2001523636   412书库/ [索取号:P46-49/22] 在馆    
3 2001523637   2001523637   412书库/ [索取号:P46-49/22] 在馆    
4 2001523638   2001523638   412书库/ [索取号:P46-49/22] 在馆    
5 2001523639   2001523639   412书库/ [索取号:P46-49/22] 在馆    
6 2001523640   2001523640   412书库/ [索取号:P46-49/22] 在馆    
7 2001523641   2001523641   412书库/ [索取号:P46-49/22] 在馆    
8 2001523642   2001523642   412书库/ [索取号:P46-49/22] 在馆    
9 2001523643   2001523643   412书库/ [索取号:P46-49/22] 在馆    
10 2001523644   2001523644   412书库/ [索取号:P46-49/22] 在馆    
11 2001523645   2001523645   412书库/ [索取号:P46-49/22] 在馆    
12 2001523646   2001523646   412书库/ [索取号:P46-49/22] 在馆    
13 2001523647   2001523647   412书库/ [索取号:P46-49/22] 在馆    
14 2001523648   2001523648   412书库/ [索取号:P46-49/22] 在馆    
15 2001523649   2001523649   412书库/ [索取号:P46-49/22] 在馆    
16 2001523650   2001523650   412书库/ [索取号:P46-49/22] 在馆    
17 2001523651   2001523651   412书库/ [索取号:P46-49/22] 在馆    
18 2001523652   2001523652   412书库/ [索取号:P46-49/22] 在馆    
19 2001523653   2001523653   412书库/ [索取号:P46-49/22] 在馆    
20 2001523654   2001523654   412书库/ [索取号:P46-49/22] 在馆    
21 2001523655   2001523655   412书库/ [索取号:P46-49/22] 在馆    
22 2001523656   2001523656   412书库/ [索取号:P46-49/22] 在馆    
23 2001523657   2001523657   412书库/ [索取号:P46-49/22] 在馆    
24 2001523658   2001523658   412书库/ [索取号:P46-49/22] 在馆    
25 2001523659   2001523659   412书库/ [索取号:P46-49/22] 在馆    
26 2001523660   2001523660   412书库/ [索取号:P46-49/22] 在馆    
27 2001523661   2001523661   412书库/ [索取号:P46-49/22] 在馆    
28 2001523662   2001523662   412书库/ [索取号:P46-49/22] 在馆    
29 2001523663   2001523663   412书库/ [索取号:P46-49/22] 在馆    
30 2001523664   2001523664   412书库/ [索取号:P46-49/22] 在馆    
山东省滨州职业学院图书馆 欢迎您!
大连网信软件有限公司© 版权所有